000
00194nam a2200109Ia 4500
100
_a
#N/A
942
_c
BK
654
_a
mo zilla
245
_a
Mozilla Suit
260
_b
#N/A
546
_a
ENGLISH
999
_c
23754
_d
23754